000 01029nam a2200205Ia 4500
003 Ost
005 20260507075034.0
008 260507s9999||||xx |||||||||||||| ||und||
040 _cfsecg
041 _aara
082 _a330
100 _aالشرقاوي، على
_eمؤلف
245 0 _aإدارة النشاط الإنتاجي :
_bمدخل التحليل الكمي /
_c على الشرقاوي
260 _aالإسكندرية:
_bدار الجامعة الجديدة للنشر,
_c2003
300 _a399 صفحة؛
_bإيضاحات ؛
_c25 سم
520 _aماهية النشاط الإنتاجي- مدخل دراسة النشاط الإنتاجي- إختيار الموقع- التخطيط الداخلي للمصنع- المناولة- تصميم العمليات الصناعية - تصميم المنتج- الجودة- التنبؤ- المواد والمخزون- العمل
653 _aإدارة الإنتاج
653 _aالإحصاء - المعاملات الإرتباطية
942 _cكتاب
999 _c42436
_d42436